000 00341nam a2200145Ia 4500
005 20251222152039.0
008 251222s9999||||xx |||||||||||||| ||spa||
020 _a8484503364
082 _a813.54/H52
100 _aHiggins Clark, Mary
245 0 _aPálida como La Luna
250 _a1ra. ed.
264 _bPlaza & Janés
942 _cLIB
999 _c25970
_d25970